Monstercat Uncaged Vol. 5 Songs - Statistics

General Stats
  • This quiz has been taken 20 times
  • The average score is 26 of 40
Answer Stats
Track Number Artist(s) Song % Correct
33 Falcon Funk & Bossfight Comeback
88%
9 Modestep Summer
88%
16 RIOT Aiwa
81%
14 Trivecta & Wooli Falling
81%
36 Soulji Black Mask
75%
1 Knife Party & Pegboard Nerds Harpoon
75%
2 SLANDER & Crankdat featuring Asking Alexandria Kneel Before Me
75%
29 Fwlr ft. Che'Nelle Numb
75%
18 Bad Computer ft. Karra Paradigm
75%
24 Rameses B Prometheus
75%
23 Justin Oh She's A Killer
75%
21 Bossfight Work
75%
20 Koven Board Game
69%
31 Pegboard Nerds & Dion Timmer Escape
69%
7 Delta Heavy Exodus
69%
6 MYRNE & Grant ft. McCall Fault
69%
26 Reach Forever
69%
28 Slippy & Goja ft. Panther Monster
69%
5 Gammer Needed U
69%
25 Bishu Rituals
69%
15 KUURO ft. Bianca Take Me Down
69%
38 RIOT The Mob
69%
17 Bear Grillz ft. Sullivan King Wicked
69%
4 Deorro & Dirty Audio Dracarys
63%
13 Muzzy ft. Celldweller New Age
63%
10 Dirtyphonics Sayonara
63%
27 Nitro Fun Time Goes By
63%
11 Kill Paris ft. Tim Moyo Two Minds
63%
8 Tokyo Machine COOKIES
56%
35 KUURO Knockin'
56%
39 Soulji Murder
56%
32 Dirty Audio Racks
56%
37 Bossfight Sovereign
56%
19 Rickyxsan ft. Kalibwoy This Feeling
50%
12 StoneBank What's Going Down
50%
40 Matroda Damn Floor
44%
3 DYRO Feel It Coming
44%
34 Muzzy ft. Sullivan King In The Night
44%
30 Matroda Boom Bap
38%
22 Tisoki Bring It Back
38%
No matching quizzes found
Score Distribution
Percent of People with Each Score
Percentile by Number Answered
Your Score History
You have not taken this quiz